000 00382nam a2200133Ia 4500
008 210430s9999 xx 000 0 und d
020 _a978-8186732946
082 _a693.54 E359 H
100 _aEIRI Consultants and Engineers
_9129004
245 _aHandbook of Fibre Glass Moulding /
_cEiri Consultants
260 _aIndia
_bSudhir Gupta
_c2010
300 _a182p
942 _cBK
_2ddc
999 _c564728
_d564728